=LDR 00000nam 2200000 4500 =001 INLIS000000000000351 =005 20150310093948.0 =006 =007 =008 Ind =035 ##$$0010-061300000000351 =041 ##$$a Ind =082 ##$$a 910.07 =090 ##$$a 910.07 Har-i =100 ##$$a Haryanto, A =245 ##$$a IPS geografi dan kependudukan untuk SMP kelas III berdasarkan kurikulum SMP yang disesuaikan GBPP 1987 / A Haryanto; Fathur Rahman M =260 ##$$a Surabaya $b Edumedia $c 1992 =300 ##$$a vi, 100 hlm. : ilus. ; 21 cm =650 ##$$a Geografi =650 ##$$a Studi dan pengajaran =700 ##$$a Rahman M, Fathur =850 ##$$a NBPNMAT